| 000 | 01757nam a22002417a 4500 | ||
|---|---|---|---|
| 999 |
_c62354 _d62354 |
||
| 003 | Ge_BSU | ||
| 005 | 20241008173011.0 | ||
| 008 | 241008s1978 ge ||||| |||| 00| 0 geo d | ||
| 041 | _ageo | ||
| 080 | _a821.353.1(092რუსთაველი, შ.) რ-93 | ||
| 245 |
_aრუსთველი მსოფლიო ლიტერატურაში : _b [სტატიების კრებული]. ტ. 2, საზღვარგარეთელ მოღვაწეთა რუსთველოლოგიური ნააზრევი / _cშესავალი წერილის და შენიშვნების ავტ. ლ. მენაბდე ; [რედ. კოლ.: ა. ბარამიძე, ო. ბაქანიძე, ვ. გამყრელიძე და სხვ.] ; თსუ. |
||
| 264 |
_aთბილისი : _bთბილ. უნ-ტის გამ-ბა, _c1978. |
||
| 300 |
_a461 გვ.; _b22 სმ. |
||
| 500 | _aშენიშვნები: გვ. 394-448. საძიებლები: გვ. 449-461. ლიტ. სია: გვ. 34-52. | ||
| 653 | _a რუსთველოლოგია. | ||
| 700 |
_aმენაბდე, ლ., _e წინასიტყვაობის ავტორი _914531 |
||
| 700 |
_aბარამიძე, ა. _eრედაქტორი. _923358 |
||
| 700 |
_aბაქანიძე, ვ. _eრედაქტორი _923359 |
||
| 700 |
_aგამყრელიძე, ვ. _eრედაქტორი. _94369 |
||
| 710 |
_aთბილისის სახელმწიფო უნივერსიტეტი. _923360 |
||
| 773 | _tნაჩუქარი | ||
| 942 |
_2udc _cᲬᲘᲒᲜᲘ |
||